Study of clinical haematological and biochemical profile of malaria as observed during its recent resurgence in Haryana (Record no. 87367)

MARC details
000 -LEADER
fixed length control field 00393nam a2200133Ia 4500
008 - FIXED-LENGTH DATA ELEMENTS--GENERAL INFORMATION
fixed length control field 230917s9999||||xx |||||||||||||| ||und||
040 ## - CATALOGING SOURCE
-- 93721
Original cataloging agency VIVEKANANDA LIBRARY
041 ## - Language
-- English
082 ## - DDC NUMBER
Classification number 610 B328S
100 ## - MAIN ENTRY--PERSONAL NAME
Personal name Baveja Sugeet
245 #0 - TITLE STATEMENT
Title Study of clinical haematological and biochemical profile of malaria as observed during its recent resurgence in Haryana
300 ## - PHYSICAL DESCRIPTION
Pages 71 p.
942 ## - ADDED ENTRY ELEMENTS (KOHA)
Koha item type Thesis
Holdings
Withdrawn status Lost status Damaged status Not for loan Location (home branch) Sublocation or collection (holding branch) Date acquired Koha issues (times borrowed) Koha full call number Accession No. Koha date last seen Koha item type
        VIVEKANANDA LIBRARY VIVEKANANDA LIBRARY 26/06/2003   610 B328S 167093 17/09/2023 Thesis
© Designed and Maintained by Vivekananda Library, MDU Rohtak